Mario Kart Track or National Park? Quiz Stats

 Plays Quiz Updated Apr 4, 2019

Score 0/30 Timer 05:00
1 Play Today
% Correct
Mario Kart Track
93.5%
Mario Kart Track
93.5%
Mario Kart Track
93.4%
Mario Kart Track
92.7%
Mario Kart Track
91.4%
Mario Kart Track
88.9%
Mario Kart Track
87.7%
Mario Kart Track
86.6%
National Park
86.4%
National Park
86.3%
National Park
83.3%
National Park
82.3%
Mario Kart Track
81.7%
National Park
81.5%
National Park
80.2%
% Correct
National Park
79.1%
Mario Kart Track
77.9%
National Park
75.1%
National Park
74.9%
National Park
74.3%
National Park
70.2%
Mario Kart Track
69.7%
National Park
65.7%
National Park
65.4%
National Park
61.1%
Mario Kart Track
60.2%
Mario Kart Track
59.5%
National Park
54.9%
Mario Kart Track
46.1%
Mario Kart Track
32%

You're not logged in!

Compare scores with friends on all Sporcle quizzes.
OR
Log In

Sporcle TV

Today on Sporcle TV


Watch our educational content, quiz creation guides, and fun videos on Sporcle TV.

Show Comments

Extras

Top Quizzes Today


Score Distribution

Your Account Isn't Verified!

In order to create a playlist on Sporcle, you need to verify the email address you used during registration. Go to your Sporcle Settings to finish the process.

Report this User

Report this user for behavior that violates our Community Guidelines.

Details: